Подробности
| 000 -МАРКЕР |
| контрольное поле |
03862nam0a2200469 4500 |
| 001 - ИДЕНТИФИКАТОР ЗАПИСИ |
| контрольное поле |
RU\NLR\bibl\991073 |
| 005 - ИДЕНТИФИКАТОР ВЕРСИИ |
| контрольное поле |
20260409075413.0 |
| 010 ## - МЕЖДУНАРОДНЫЙ СТАНДАРТНЫЙ НОМЕР КНИГИ (ISBN) |
| Номер (ISBN) |
5-98143-038-9 |
| Тираж |
210 |
| 021 ## - НОМЕР ГОСУДАРСТВЕННОЙ РЕГИСТРАЦИИ |
| Код страны |
Российская Федерация |
| Номер |
2006-52409 |
| Номер Листа государственной регистраци |
2581 |
| 035 ## - ДРУГИЕ СИСТЕМНЫЕ НОМЕРА |
| Идентификатор записи |
(nilc)RSL-KNO-002924862 |
| 035 ## - ДРУГИЕ СИСТЕМНЫЕ НОМЕРА |
| Идентификатор записи |
(NLR Aleph) 000978877 |
| 100 ## - ДАННЫЕ ОБЩЕЙ ОБРАБОТКИ |
| Данные общей обработки |
20060913d2006 |||y0rusy50 ca |
| 101 0# - ЯЗЫК РЕСУРСА |
| Язык текста, звукозаписи и т.д. |
русский |
| 102 ## - СТРАНА ПУБЛИКАЦИИ ИЛИ ПРОИЗВОДСТВА |
| Страна публикации |
Российская Федерация |
| 105 ## - ПОЛЕ КОДИРОВАННЫХ ДАННЫХ: ТЕКСТОВЫЕ МАТЕРИАЛЫ, МОНОГРАФИЧЕСКИЕ |
| Кодированные данные о монографическом текстовом документе |
a ||||||||| |
| 106 ## - ПОЛЕ КОДИРОВАННЫХ ДАННЫХ: ТЕКСТОВЫЕ РЕСУРСЫ – ФОРМА |
| Форма ресурса: кодированные данные: обозначение носителя |
r |
| 200 1# - ЗАГЛАВИЕ И СВЕДЕНИЯ ОБ ОТВЕТСТВЕННОСТИ |
| Основное заглавие |
Актуальные проблемы управления процессом создания здоровьесберегающей образовательной среды в учреждениях профобразования ХМАО - Югры |
| Сведения, относящиеся к заглавию |
сборник тезисов, докладов и выступлений на окружной научно-практической конференции в г. Сургуте, 08-09.02.06 г. |
| Первые сведения об ответственности |
[редкол.:... Васильков В. А. - к. п. н., проф., отв. ред. и др.] |
| 210 ## - ПУБЛИКАЦИЯ, РАСПРОСТРАНЕНИЕ И ДР. |
| Место издания, распространения и т.д. |
Ханты-Мансийск |
| Имя издателя, распространителя и т. д. |
Информационно-издательский центр |
| Дата издания, распространения и т.д. |
2006 |
| 215 ## - ФИЗИЧЕСКАЯ ХАРАКТЕРИСТИКА |
| Специфическое обозначение материала и объем |
170 с. |
| Другие сведения о физической характеристике |
ил. |
| Размеры |
21 |
| 300 ## - ОБЩИЕ ПРИМЕЧАНИЯ |
| Текст примечания |
В надзаг.: Деп. образования и науки Ханты-Манс. авт. округа - Югры, Ханты-Манс. окруж. ин-т повышения квалификации и развития регион. образования |
| 320 ## - ПРИМЕЧАНИЯ О НАЛИЧИИ В ДОКУМЕНТЕ БИБЛИОГРАФИИ / УКАЗАТЕЛЯ |
| Текст примечания |
Библиогр. в конце ст. |
| 606 ## - НАИМЕНОВАНИЕ ТЕМЫ КАК ПРЕДМЕТ |
| -- |
rus |
| Наименование темы |
Валеология в образовании |
| -- |
ca |
| Формальный подзаголовок |
Съезды, совещания и т.п. |
| Идентификатор авторитетной/нормативной записи |
RU\NLR\auth\661460203 |
| Системный номер авторитетной/нормативной записи |
2456734 |
| 606 1# - НАИМЕНОВАНИЕ ТЕМЫ КАК ПРЕДМЕТ |
| Наименование темы |
Учреждения профессионального образования |
| Формальный подзаголовок |
Съезды, совещания и т.п. |
| Тематический подзаголовок |
Учебно-воспитательная работа |
| Географический подзаголовок |
Ханты-Мансийский автономный округ-Югра |
| Системный номер авторитетной/нормативной записи |
2490360 |
| Идентификатор авторитетной/нормативной записи |
RU\NLR\auth\661477717 |
| 610 0# - НЕКОНТРОЛИРУЕМЫЕ ПРЕДМЕТНЫЕ ТЕРМИНЫ |
| Предметный термин |
Культура. Наука. Просвещение -- Народное образование. Педагогические науки -- Профессиональное и специальное образование -- Педагогика профессионального и специального образования -- Российская Федерация -- Организация работы учебного заведения -- Материалы конференции |
| 610 0# - НЕКОНТРОЛИРУЕМЫЕ ПРЕДМЕТНЫЕ ТЕРМИНЫ |
| Предметный термин |
Культура. Наука. Просвещение -- Народное образование. Педагогические науки -- Профессиональное и специальное образование -- Педагогика профессионального и специального образования -- Российская Федерация -- Воспитание -- Виды воспитания -- Физическое воспитание -- Материалы конференции |
| 686 ## - ИНДЕКСЫ ДРУГИХ КЛАССИФИКАЦИЙ |
| Индекс |
Ч451,6(2)4я431(2) |
| Код системы |
|
| 686 ## - ИНДЕКСЫ ДРУГИХ КЛАССИФИКАЦИЙ |
| Индекс |
Ч451,6(2)354я431(2) |
| Код системы |
|
| 686 ## - ИНДЕКСЫ ДРУГИХ КЛАССИФИКАЦИЙ |
| Индекс |
Ч313.54я431 |
| 686 ## - ИНДЕКСЫ ДРУГИХ КЛАССИФИКАЦИЙ |
| Индекс |
Ч451.2я431 |
| 686 ## - ИНДЕКСЫ ДРУГИХ КЛАССИФИКАЦИЙ |
| Индекс |
Ч451.3я431 |
| 702 #1 - ИМЯ ЛИЦА - ВТОРИЧНАЯ ОТВЕТСТВЕННОСТЬ |
| Начальный элемент ввода |
Васильков |
| Часть имени, кроме начального элемента ввода |
В. А. |
| Расширение инициалов личного имени |
Василий Александрович |
| Код отношения |
Редактор |
| 711 12 - НАИМЕНОВАНИЕ ОРГАНИЗАЦИИ - АЛЬТЕРНАТИВНАЯ ОТВЕТСТВЕННОСТЬ |
| Начальный элемент ввода |
"Актуальные проблемы процесса создания здоровьесберегающей среды в учреждениях профобразования округа", ханты-мансийская окружная научно-методическая конференция |
| Дата проведения временной организации |
2006 |
| Место проведения временной организации |
Сургут |
| Идентификатор авторитетной/нормативной записи |
RU\NLR\AUTH\8810087231 |
| Системный номер авторитетной/нормативной записи |
676104 |
| 801 #0 - ИСТОЧНИК ЗАПИСИ |
| Страна |
Российская Федерация |
| Организация |
РКП |
| Дата составления |
20060913 |
| Правила каталогизации |
rcr |
| 801 #1 - ИСТОЧНИК ЗАПИСИ |
| Страна |
Российская Федерация |
| Организация |
РГБ |
| Дата составления |
20060913 |
| 801 #2 - ИСТОЧНИК ЗАПИСИ |
| Страна |
Российская Федерация |
| Организация |
NLR |
| Дата составления |
20061004 |
| Правила каталогизации |
rcr |
| 830 ## - ОБЩЕЕ ПРИМЕЧАНИЕ, СОСТАВЛЕННОЕ КАТАЛОГИЗАТОРОМ |
| Текст примечания |
Ред. по ЭК. |
| 942 ## - ДОПОЛНИТЕЛЬНЫЕ ЭЛЕМЕНТЫ ЗАПИСИ (АБИС) |
| Тип экземпляра АБИС |
Книга |
| 980 ## - КОЛЛЕКЦИЯ |
| Название коллекции |
Национальная библиография |
| 980 ## - КОЛЛЕКЦИЯ |
| Название коллекции |
НБР |